000 00449nam a22001577a 4500
999 _c10408
_d10408
003 OSt
008 210205b ||||| |||| 00| 0 eng d
020 _a9789352706921
100 _aK.Sembulingam and Prema Sembuylingam
245 _aEssentials of Medical Physiology
250 _a8th Ed.
260 _aNew Delhi
_bJaypee Brothers Medical Publishers (P) Ltd
_c2021
300 _a1162
650 _aHuman Anatomy and Physiology
942 _2ddc
_cBK
_02